Determinanty výkonnosti hutníckych podnikov dizertačná práca

Saved in:
Bibliographic Details
Main Author: Bobenič, Tibor
Corporate Author: Fakulta podnikového manažmentu EU. Katedra podnikových financií
Other Authors: Hajduová, Zuzana, 1974-
Format: Book
Language:Slovak
Published: Bratislava 2019
Subjects:
Tags: Add Tag
No Tags, Be the first to tag this record!

MARC

LEADER 00000nbm a2200000 4500
001 0258219
005 20230302102605.8
041 0 |a slo 
044 |a SK 
245 1 0 |a Determinanty výkonnosti hutníckych podnikov  |b dizertačná práca  |c Tibor Bobenič ; školiteľ: Zuzana Hajduová 
264 1 |a Bratislava  |c 2019 
300 |a 107 s. 
610 2 0 |a ukazovatele výkonnosti 
610 2 0 |a podnik 
610 2 0 |a hutníctvo 
100 1 |a Bobenič, Tibor 
700 1 |a Hajduová, Zuzana, 1974- 
710 2 |a Fakulta podnikového manažmentu EU. Katedra podnikových financií